| 000 | 00895cam a22002534a 4500 | ||
|---|---|---|---|
| 999 |
_c19717 _d19717 |
||
| 001 | 15742510 | ||
| 003 | OSt | ||
| 005 | 20170117122134.0 | ||
| 008 | 090518s2010 nyu 001 0 eng | ||
| 010 | _a 2009928921 | ||
| 020 | _a9781429236867 (pbk. : alk. paper) | ||
| 020 | _a1429236868 (pbk.) | ||
| 040 |
_aDLC _cDLC |
||
| 050 | 0 | 0 | _aHB 172 .H36 2010 |
| 100 | 1 |
_aHamermesh, Daniel S. _d2010 |
|
| 245 | 1 | 0 |
_aEconomics is everywhere / _cDaniel S. Hamermesh. |
| 250 | _a3rd ed. | ||
| 260 |
_aNew York, NY : _bWorth Publishers, _c2010. |
||
| 300 |
_axvi, 256 p. ; _c21 cm. |
||
| 500 | _aIncludes index. | ||
| 650 | 0 | _aMicroeconomics. | |
| 650 | 0 | _aEconomics. | |
| 906 |
_a7 _bcbc _corignew _d3 _eepcn _f20 _gy-gencatlg |
||
| 942 |
_2lcc _cBOOKS _hHB 172 .H36 2010 _k30098 |
||